LEADER 00658naa a2200157 i 4500 001 000000293570 003 CaOOAMICUS 005 20180831172449.0 008 180831n xx u000 u und u 013 $a804 040 $aSeMil$bita 100 1 $aBorobio, Dionisio <1938- >.$0(OLS)http://semarc/name/896 245 13$aEl Sacramento del Orden en la evangelización de America (s. 16.) 650 4$aOrdine (Sacramento).$0(OLS)http://semarc/subject/4458 773 0 $tMysterium et ministerium.$dVitoria : Ed. ESET, 1993.$kVictoriensia$z84-7167-126-3$w()41965 996 $6245$aEl Sacramento del Orden en la evangelización de America (s. 16.)$9(OLS)http://semarc/title/369650 LEADER 01632nam a2200289 i 4500 001 000000020076 003 CaOOAMICUS 005 20180830125444.0 008 180830s2008 it u000 u ita u 020 $a978-88-15-12640-5 040 $aSeMil$bita 100 1 $aDe Gasperi, Alcide,$d<1881-1954>.$0(OLS)http://semarc/name/1889 245 10$aAlcide De Gasperi e la fondazione della democrazia italiana, 1943-1948 /$cAlcide De Gasperi ; a cura di Vera Capperucci e Sara Lorenzini ; con un saggio introduttivo di Guido Formigoni. 260 $aBologna :$bIl Mulino,$c2008- 300 $a2 v. (1962 p. compless.) ;$c25 cm. 500 $aNell'occhietto: Provincia autonoma di Trento, Fondazione Bruno Kessler. - In cofanetto. 650 4$aDe Gasperi, Alcide <1881-1954> - Attivitŕ politica.$0(OLS)http://semarc/subject/3979 650 4$aDemocrazia Cristiana <1943-1994>.$0(OLS)http://semarc/subject/1963 700 1 $aFormigoni, Guido,$d<1958- >.$0(OLS)http://semarc/name/8988 700 1 $aLorenzini, Sara.$0(OLS)http://semarc/name/3324 700 1 $aCapperucci, Vera.$0(OLS)http://semarc/name/8987 773 0 $aDe Gasperi, Alcide <1881-1954>$tScritti e discorsi politici.$dBologna : Il Mulino, 2006-2009.$w()16804 774 0 $aDe Gasperi, Alcide <1881-1954>$tVol. 3, tomo 1.$g1$w()174678 774 0 $aDe Gasperi, Alcide <1881-1954>$tVol. 3, tomo 2.$g2$w()174679 996 $6020$a978-88-15-12640-5$9(OLS)http://semarc/number/1137 996 $6245$aAlcide De Gasperi e la fondazione della democrazia italiana, 1943-1948$9(OLS)http://semarc/title/26435 996 $6260$aBologna :$bIl Mulino$9(OLS)http://semarc/publisher/29842